Normal view
MARC view
- Beg Aziz
Entry Personal Name
001 - CONTROL NUMBER
- control field: 9260
003 - CONTROL NUMBER IDENTIFIER
- control field: NUST
005 - DATE AND TIME OF LATEST TRANSACTION
- control field: 20180120150656.0
008 - FIXED-LENGTH DATA ELEMENTS
- fixed length control field: 180120|| aca||aabn | a|a d
040 ## - CATALOGING SOURCE
- Original cataloging agency: NUST
- Transcribing agency: NUST
100 ## - HEADING--PERSONAL NAME
- Personal name: Beg Aziz
670 ## - SOURCE DATA FOUND
- Source citation: Work cat.: (NUST)327488: Beg Aziz, Jinnah and his times
